Bất đẳng thức cực trị hệ phương trình
Giới thiệu các phương trình và bất phương trình được giảng dạy và học tập ở cấp trung học phổ thông gồm: Phương trình không chứa và chứa căn thức, phương trình siêu việt (tức là phương trình mũ và lôgarit), phương trình lượng giác....
Сохранить в:
| Главный автор: | |
|---|---|
| Формат: | |
| Язык: | Undetermined |
| Опубликовано: |
Hà Nội
Thông tin và Truyền thông
2013
|
| Предметы: | |
| Метки: |
Добавить метку
Нет меток, Требуется 1-ая метка записи!
|
| Thư viện lưu trữ: | Trung tâm Học liệu Trường Đại học Cần Thơ |
|---|
| LEADER | 00999nam a2200205Ia 4500 | ||
|---|---|---|---|
| 001 | CTU_201943 | ||
| 008 | 210402s9999 xx 000 0 und d | ||
| 020 | |c 85000 | ||
| 082 | |a 512.9 | ||
| 082 | |b Nh300 | ||
| 100 | |a Đàm, Văn Nhỉ | ||
| 245 | 0 | |a Bất đẳng thức cực trị hệ phương trình | |
| 245 | 0 | |c Đàm Văn Nhỉ (chủ biên) | |
| 260 | |a Hà Nội | ||
| 260 | |b Thông tin và Truyền thông | ||
| 260 | |c 2013 | ||
| 520 | |a Giới thiệu các phương trình và bất phương trình được giảng dạy và học tập ở cấp trung học phổ thông gồm: Phương trình không chứa và chứa căn thức, phương trình siêu việt (tức là phương trình mũ và lôgarit), phương trình lượng giác. | ||
| 650 | |a Algebraic equations,Phương trình đại số | ||
| 904 | |i Nguyên | ||
| 980 | |a Trung tâm Học liệu Trường Đại học Cần Thơ | ||